| 000 | 00385nam a2200169Ia 4500 | ||
|---|---|---|---|
| 008 | 170705s9999 xx 000 0 und d | ||
| 020 | _a9780545332101 | ||
| 245 | _aStorm runners / | ||
| 245 | _cRoland Smith. | ||
| 260 | _aNew York : | ||
| 260 | _bScholastic, | ||
| 260 | _c2011 | ||
| 300 | _a143 pages : | ||
| 300 | _bcolor illustration ; | ||
| 300 | _c19cm. | ||
| 500 | _a700 | ||
| 999 |
_c336585 _d336585 |
||